000 00391nam a2200157Ia 4500
008 230524s9999 xx 000 0 und d
082 _a510
_bSRI
100 _aG.Srinivasan
245 0 _aOperations Research: Principles and Applications
250 _aIST
260 _aNEW DELHI
_bPHI
_c2007
300 _aXII;468
500 _aQuantity Number: 5
650 _aMathematics
942 _cBK
999 _c37364
_d37364